000 00935cam a22002291 4500
001 000001489
005 20200929145609.0
008 751231r19431723mx b 000 0 spa c
040 _aDO-SdBNP
_bspa
_cBNPHU
082 _a972.01
_bT687m
100 1 _aTorquemada, Juan de,
_d1562 - 1624
_94921
245 1 0 _aMonarquia indiana, /
_cpor fray Juan de Torquemada ...
250 _a3. ed.
260 _aMexico, D.F., :
_bS. Chavez Hayhoe,
_c1943.
300 _a3 v. :
_bil. ;
_c29 cm.
500 _aFacsimile reproduction of the second edition, published in 1723, which has title: Primera [segunda, tercera] parte de los veinte i vn libros rituales i monarchia indiana.
500 _aThe second edition was edited by A. Gonzales de Barcia Carballido y Zuniga.
650 0 _aIndians of mexico.
_94922
651 0 _aMexico
_xHistory
_yConquest, 1519-1540.
_94923
651 0 _aMexico
_xAntiquities.
_94924
610 2 0 _aFranciscans
_zMexico.
_94925
999 _c1395
_d1395